000 00810nam a22002292 4500
001 0000020640
005 20151217152218.0
008 110929s xx 000 0 eng d
020 _a0393931037 :
040 _aKABU
_cKABU
100 1 _aAnsolabehere, Stephen.
_@0000181103
245 1 4 _aThe End of inequality :
_bone person, one vote and the transformation of American politics /
_cStephen Ansolabehere, James M. Snyder Jr.
250 _a1st ed.
260 _aNew York :
_bW. W. Norton,
_c2008.
300 _axii, 320 p.
650 0 _aApportionment (Election law)
_zUnited States.
_@0000181104
650 0 _aElection districts
_zUnited States.
_@0000181105
700 1 _aSnyder, James.
_@0000181106
852 1 _9p2015 KES
908 _a110929
950 _@1
999 _c9431
_d9431